000 00727nam a2200241 i 4500
001 bg
100 1 _aRANKIN, Bob
245 1 0 _aRed Hat Linux 6.2 :
_bsame konkrety /
_cBob Rankin ; przeł. z ang. Piotr Nowakowski (1,3-11), Jacek Sokulski (2.2-15, dodatki).
260 _aWarszawa :
_b"Mikom",
_c2000.
300 _a370 s. ;
_c24 cm +
_eCD ROM.
500 _aTyt. ory.: "The no BS guide to Red Hat Linux 6.2".
504 _aIndeks.
650 9 _aLinux
655 _aPodręczniki
020 _a8372790434
040 _cBPK
041 1 _apl
_hen
080 _a004.451(07)
920 _a83-7279-043-4
942 _cKS
008 s pl f |000 0 pol
999 _c40067
_d40067
856 _uhttp://koha.tu.koszalin.pl/cgi-bin/koha/opac-detail.pl?biblionumber=40067
_yKatalog online BPK